Statistics for Continents by Satellite Image Quiz

Click here to take the quiz!

General Stats

  • This quiz has been taken 47 times
  • The average score is 7 of 7

Answer Stats

Answer% Correct
Africa
100%
Europe
100%
North America
100%
South America
100%
Asia
98%
Antarctica
95%
Australia
93%

Score Distribution

Percentile by Number Answered

Percent of People with Each Score

Your Score History

You have not taken this quiz